Statistics for Top 10 Most Populous American Countries

Click here to take the quiz!

General Stats

  • This quiz has been taken 38,793 times
    (23,254 since last reset)
  • The average score is 9 of 10

Answer Stats

PopulationCountry% Correct
329 milUnited States
100%
212 milBrazil
99%
132 milMexico
99%
37.3 milCanada
98%
45.0 milArgentina
97%
49.8 milColombia
95%
18.3 milChile
95%
32.9 milPeru
94%
32.8 milVenezuela
92%
17.6 milGuatemala
71%

Score Distribution

Percentile by Number Answered

Percent of People with Each Score

Your Score History

You have not taken this quiz since the last reset